| 000 | 00511nam a2200181Ia 4500 | ||
|---|---|---|---|
| 005 | 20250508163702.0 | ||
| 008 | 008 250505s9999 xx 000 0 eng d | ||
| 037 | _aTextual | ||
| 040 |
_aFEDL _beng _cFEDL |
||
| 041 |
_aeng _2eng |
||
| 084 |
_a371.76, DES _qFEDL |
||
| 100 |
_aDeshmukh Sanjay _9775987 |
||
| 245 | 0 | _aIntroduction to health education and sports | |
| 260 |
_aJaipur, India _bBook Enclave _c1997 |
||
| 300 | _a182p. | ||
| 942 |
_cTEXL _h371.76, DES |
||
| 999 |
_c1384700 _d1384700 |
||